000 00619nam a2200229 u 4500
005 20210223133749.0
008 190226s2008 es r 000 0 spa d
020 _a9788424190057
035 _aUPN01000229282
049 _aI
050 4 _aQB633
_bH3.2
100 1 _aHarrison, Ingrid
_939035
245 1 0 _aDía y noche /
_cIngrid Harrison ; tr. Azucena Viloria.
260 _aLeón, Esp. :
_bEverest,
_c2008.
300 _a23 p. :
_bil. col.
440 0 _aClaro
650 4 _aTIERRA (PLANETA) -
_xROTACION
_912788
650 4 _aDIA
_927518
650 4 _aNOCHE
_919981
905 _aInfantil
999 _c201377
_d201377